000 00575nam a2200241Ia 4500
003 OSt
005 20220924134742.0
006 a|||||r|||| 00| 0
007 ta
008 220923b |||||||| |||| 00| 0 ben d
024 _a286638
037 _cTextual
040 _aARTS
_cARTS
_bben
041 _2ben
_aben
082 _aV262'G5, 157M2
100 _aSankar
245 0 _aPal-sen Yuger Vamsanucharit
260 _c1982
300 _a217p.
_ccm.
650 _aHISTORY
942 _hV262'G5, 157M2
_cTEXL
_2CC
999 _c438420
_d438420